| 000 | 00625nam a2200253Ia 4500 | ||
|---|---|---|---|
| 003 | GCL | ||
| 008 | 140319s9999 xx 000 0 eng d | ||
| 040 |
_aGCL / _cGCL |
||
| 082 | 0 | 4 |
_aCC _b916.202 _bT E |
| 100 | 1 | _aTURING, PENELOPE | |
| 245 | 1 | 0 |
_aEGYPT: A CONCISE GUIDE FOR INDEPENDENT TRAVELLERS / _cTURING, PENELOPE |
| 260 |
_a[S.N] : _bTHORNTON COX ، _c1992 |
||
| 300 | _a152 P | ||
| 650 | 0 | 4 | _aLUXOR |
| 650 | 0 | 4 | _aENVIRONMENT |
| 650 | 0 | 4 | _aANCIENT EGYPT |
| 650 | 0 | 4 | _aHISTORY |
| 650 | 0 | 4 | _aCAIRO |
| 650 | 0 | 4 | _aARCHAEOLOGY |
| 650 | 0 | 4 | _aASWAN |
| 650 | 0 | 4 | _aALEXANDRIA |
| 650 | 0 | 4 | _aSINAI |
| 942 |
_2ddc _cBK |
||
| 999 |
_c21403 _d21403 |
||